Epicopologico de Puerto Rico

Guardat en:
Dades bibliogràfiques
Autors principals: Murga Sanz, Vicente (autor), Huerga Teruelo, Álvaro (Autor)
Format: Llibre
Idioma:espanyol
Publicat: Ponce Pontificia Universidad Católica de Puerto Rico 1988
Col·lecció:Historia Documental de Puerto Rico, II
Matèries:
Etiquetes: Afegir etiqueta
Sense etiquetes, Sigues el primer a etiquetar aquest registre!

MARC

LEADER 00000nam a2200000 a 4500
001 UCI1769
003 CL-VaPUC
008 070713e19880000PR |||||||||||||||||spa|d
082 0 4 |a 972.95  |b MUR  |2 21 
100 |a Murga Sanz, Vicente  |e autor  |9 522435 
700 |a Huerga Teruelo, Álvaro  |e author  |9 522433 
245 1 0 |a Epicopologico de Puerto Rico 
300 |a 511 p 
942 |c BK 
945 |d 20070713 00:00:00  |a jtorresc 
260 |a Ponce  |b Pontificia Universidad Católica de Puerto Rico  |c 1988 
500 |a v.2: De Rodrigo de Bastidas a MartínVazquez de Arce 1540-1610 
650 0 |a Historia  |9 255047 
651 7 |a PUERTO RICO  |2 CL-VaPUC  |9 254988 
583 |a last modification  |c 20070713 00:00:00  |k Rodrigo Vera 
490 0 |a Historia Documental de Puerto Rico, II 
999 |c 326507  |d 326505 
952 |0 0  |1 0  |4 0  |6 972_950000000000000_MUR_1988  |7 0  |8 A  |9 408425  |a BIBTEO  |b BIBTEO  |d 2019-11-22  |h v.2  |i 4175891  |o 972.95 MUR 1988  |p 4175891  |r 2025-01-17  |w 2019-11-22  |y BK  |k ICR